00373 2200157 4500001002100000005001500021035002000036245004300056100001700099300001100116260004200127082000800169084001400177990001200191990001200203INLIS00000000000205420250527092645 a0010-05250003461 aKeterampilan Sepakbola /cCuve Gifford0 aCuve Gifford a48 hlm aYogyakarta :bCitra Aji Parama,c2007 a700 a700 CUV k a0712982 a0712983